[Event "4NCL9495 2nd Season"]
[Site "Various Venues"]
[Date "1995.03.19"]
[Round "10.1"]
[White "Littlewood, Paul E"]
[Black "McDonald, Neil R"]
[Result "1-0"]
[WhiteElo "2445"]
[BlackElo "2460"]
[PlyCount "113"]
[EventDate "1994.10.01"]
[EventType "team-tourn"]
[EventRounds "11"]
[EventCountry "GBR"]
[SourceTitle "BritBase 14May2020"]
[SourceDate "2020.05.14"]
[SourceVersionDate "2020.05.14"]
[WhiteTeam "Wood Green"]
[BlackTeam "Invicta Knights"]
[WhiteTeamCountry "ENG"]
[BlackTeamCountry "ENG"]

1. d4 d5 2. c4 e6 3. Nc3 Be7 4. cxd5 exd5 5. Bf4 Nf6 6. e3 Bf5 7. Nge2 c5 8.
dxc5 Bxc5 9. Nd4 Bg4 10. Bb5+ Nbd7 11. Qd3 O-O 12. Nb3 Bb4 13. O-O a6 14. Bxd7
Qxd7 15. Be5 Bxc3 16. Bxc3 Bf5 17. Qd4 Rac8 18. Nd2 Bg6 19. Rad1 Rfe8 20. Rfe1
Qe6 21. f3 Qc6 22. Rc1 Qb5 23. Nb3 Rc4 24. Qd2 Qb6 25. Bd4 Qe6 26. Na5 Rxc1 27.
Rxc1 b6 28. Rc6 Qf5 29. Bxb6 Qb1+ 30. Rc1 Qxa2 31. Qb4 h6 32. Bd4 Nd7 33. Nc6
Kh7 34. Qd6 Nf8 35. Nb4 Qb3 36. Bc3 Ne6 37. Qxd5 Qxd5 38. Nxd5 Bd3 39. e4 f5
40. exf5 Bxf5 41. Re1 Bd3 42. Nf4 Bc4 43. Re4 Bb3 44. Nh5 Bc2 45. Rc4 Bd3 46.
Rc6 Bg6 47. Ng3 Bd3 48. h4 Kg8 49. Rd6 Bb5 50. Rb6 Bd3 51. Rd6 Bb5 52. Rb6 Bd3
53. Rb7 g6 54. h5 g5 55. Rb6 Kf7 56. Kf2 Re7 57. Rd6 1-0

[Event "4NCL9495 2nd Season"]
[Site "Various Venues"]
[Date "1995.03.19"]
[Round "10.2"]
[White "Brown, Simon D"]
[Black "Law, Andrew P"]
[Result "1/2-1/2"]
[WhiteElo "2290"]
[BlackElo "2360"]
[PlyCount "94"]
[EventDate "1994.10.01"]
[EventType "team-tourn"]
[EventRounds "11"]
[EventCountry "GBR"]
[SourceTitle "BritBase 14May2020"]
[SourceDate "2020.05.14"]
[SourceVersionDate "2020.05.14"]
[WhiteTeam "Invicta Knights"]
[BlackTeam "Wood Green"]
[WhiteTeamCountry "ENG"]
[BlackTeamCountry "ENG"]

1. d4 d5 2. c4 dxc4 3. e3 Nf6 4. Bxc4 e6 5. Nf3 c5 6. O-O a6 7. Qe2 b5 8. Bd3
cxd4 9. exd4 Nc6 10. Rd1 Be7 11. Bg5 Bb7 12. Nc3 O-O 13. Rac1 Nb4 14. Bb1 Rc8
15. Ne5 Nbd5 16. Bxf6 Nxf6 17. Qe3 g6 18. Qg3 Nh5 19. Qh3 Bg5 20. d5 Bxc1 21.
dxe6 Qg5 22. Nxf7 Qxg2+ 23. Qxg2 Bxg2 24. Rxc1 Nf4 25. Re1 Bc6 26. Be4 Nxe6 27.
Nd6 Rcd8 28. Bxc6 Rxd6 29. Bd5 Re8 30. Bb3 Kg7 31. Ne4 Rdd8 32. Rc1 Nf4 33.
Rc7+ Kh6 34. f3 Rc8 35. Ra7 Rc1+ 36. Kf2 Nh5 37. h4 Rb1 38. Kg2 Rxb2+ 39. Kh3
Rb1 40. Ng5 Nf6 41. Rf7 Rh1+ 42. Kg3 Rg1+ 43. Kf2 Rxg5 44. hxg5+ Kxg5 45. f4+
Kf5 46. Bc2+ Ke6 47. Bb3+ Kf5 1/2-1/2

[Event "4NCL9495 2nd Season"]
[Site "Various Venues"]
[Date "1995.03.19"]
[Round "10.3"]
[White "Martin, Benjamin"]
[Black "Hanreck, Alan E"]
[Result "0-1"]
[WhiteElo "2355"]
[BlackElo "2245"]
[PlyCount "80"]
[EventDate "1994.10.01"]
[EventType "team-tourn"]
[EventRounds "11"]
[EventCountry "GBR"]
[SourceTitle "BritBase 11May2020"]
[SourceDate "2020.05.11"]
[SourceVersionDate "2020.05.11"]
[WhiteTeam "Wood Green"]
[BlackTeam "Invicta Knights"]
[WhiteTeamCountry "ENG"]
[BlackTeamCountry "ENG"]

1. Nf3 d6 2. g3 e5 3. Bg2 Nf6 4. c4 Be7 5. Nc3 O-O 6. O-O c6 7. d3 h6 8. c5 Be6
9. cxd6 Qxd6 10. b3 Nbd7 11. Bb2 Rad8 12. Qc2 Bf5 13. Rad1 Qb8 14. Nd2 Rfe8 15.
Nce4 Bf8 16. Nc4 Nd5 17. Qc1 N7b6 18. Ba3 Nb4 19. Rd2 N6d5 20. Bb2 b5 21. Ne3
Nxe3 22. fxe3 Bxe4 23. Bxe4 Qb6 24. a3 Qxe3+ 25. Kh1 Nd5 26. Rf3 Qb6 27. Rd1
Bc5 28. b4 Bd4 29. Bxd4 exd4 30. Rdf1 f6 31. R1f2 Nc3 32. Bg6 Re3 33. Qc2 Qc7
34. Qb3+ Kh8 35. Rxe3 dxe3 36. Rf5 Nxe2 37. Rc5 Nd4 38. Qd1 Qe7 39. Qe1 e2 40.
Bh5 Qe3 {Source: scoresheet} 0-1

[Event "4NCL9495 2nd Season"]
[Site "Various Venues"]
[Date "1995.03.19"]
[Round "10.4"]
[White "Dickenson, Neil F"]
[Black "Sowray, Peter John"]
[Result "1/2-1/2"]
[WhiteElo "2315"]
[BlackElo "2325"]
[PlyCount "94"]
[EventDate "1994.10.01"]
[EventType "team-tourn"]
[EventRounds "11"]
[EventCountry "GBR"]
[SourceTitle "BritBase 14May2020"]
[SourceDate "2020.05.14"]
[SourceVersionDate "2020.05.14"]
[WhiteTeam "Invicta Knights"]
[BlackTeam "Wood Green"]
[WhiteTeamCountry "ENG"]
[BlackTeamCountry "ENG"]

1. d4 g6 2. c4 Bg7 3. Nc3 d6 4. e4 Nd7 5. Bg5 h6 6. Be3 c5 7. d5 Qa5 8. Qd2
Ngf6 9. h3 O-O 10. Nge2 Kh7 11. Ng3 a6 12. Be2 Rb8 13. a4 b5 14. cxb5 Ne8 15.
O-O Nc7 16. f4 Qb4 17. e5 Nb6 18. f5 Nbxd5 19. f6 exf6 20. exd6 Nxe3 21. Qxe3
Ne6 22. Rad1 f5 23. Qc1 Qh4 24. Nh1 Bb7 25. bxa6 Ba8 26. Bf3 Bd4+ 27. Kh2 Be5+
28. Kg1 Bd4+ 29. Kh2 Be5+ 30. Kg1 Rb4 31. Bxa8 Rxa8 32. d7 Ng5 33. Rd3 Rg4 34.
Nf2 Rg3 35. Ne2 Nxh3+ 36. Nxh3 Rxd3 37. Qxc5 Bd4+ 38. Nxd4 Qxd4+ 39. Qxd4 Rxd4
40. b4 Rxb4 41. Rc1 Rbb8 42. Rc7 Rxa6 43. Rc8 Rb1+ 44. Kh2 Rd1 45. d8=Q Rxd8
46. Rxd8 Rxa4 47. Nf2 Ra2 1/2-1/2

[Event "4NCL9495 2nd Season"]
[Site "Various Venues"]
[Date "1995.03.19"]
[Round "10.5"]
[White "Lee, Graham D"]
[Black "Gormally, Daniel"]
[Result "0-1"]
[WhiteElo "2350"]
[BlackElo "2168"]
[PlyCount "78"]
[EventDate "1994.10.01"]
[EventType "team-tourn"]
[EventRounds "11"]
[EventCountry "GBR"]
[SourceTitle "BritBase 11May2020"]
[SourceDate "2020.05.11"]
[SourceVersionDate "2020.05.11"]
[WhiteTeam "Wood Green"]
[BlackTeam "Invicta Knights"]
[WhiteTeamCountry "ENG"]
[BlackTeamCountry "ENG"]

1. e4 e6 2. d4 d5 3. e5 c5 4. c3 Nc6 5. Nf3 Qb6 6. a3 c4 7. Qc2 Bd7 8. Bf4 f6
9. h4 fxe5 10. Nxe5 Nxe5 11. Bxe5 Nf6 12. Be2 Be7 13. Nd2 O-O 14. h5 Bd6 15. f4
Be8 16. g4 h6 17. O-O-O Bxe5 18. fxe5 Nh7 19. Nf3 Rxf3 20. Bxf3 Ng5 21. Rdf1
Qc7 22. Bd1 b5 23. Rf4 a5 24. Qf2 Bc6 25. Bc2 Qe7 26. Qe1 b4 27. cxb4 Ne4 28.
Bxe4 dxe4 29. bxa5 Rb8 30. Rh3 Qg5 31. Qd2 e3 32. Qh2 Rb3 33. Kd1 e2+ 34. Qxe2
Qxf4 35. Rxb3 cxb3 36. Qc4 Bf3+ 37. Ke1 Qg3+ 38. Kd2 Qf2+ 39. Kc3 Qe1+ 0-1

[Event "4NCL9495 2nd Season"]
[Site "Various Venues"]
[Date "1995.03.19"]
[Round "10.6"]
[White "Harakis, Alexis"]
[Black "Friedgood, David"]
[Result "0-1"]
[WhiteElo "2170"]
[BlackElo "2285"]
[PlyCount "83"]
[EventDate "1994.10.01"]
[EventType "team-tourn"]
[EventRounds "11"]
[EventCountry "GBR"]
[SourceTitle "BritBase 12May2020"]
[SourceDate "2020.05.12"]
[SourceVersionDate "2020.05.12"]
[WhiteTeam "Invicta Knights"]
[BlackTeam "Wood Green"]
[WhiteTeamCountry "ENG"]
[BlackTeamCountry "ENG"]

1. d4 Nf6 2. c4 g6 3. Nc3 Bg7 4. e4 d6 5. Nge2 O-O 6. f3 c6 7. Bg5 a6 8. Qd2 b5
9. h4 h5 10. Nc1 Nbd7 11. Nb3 bxc4 12. Bxc4 a5 13. Bh6 a4 14. Bxg7 Kxg7 15. Nc1
d5 16. exd5 Nb6 17. Bd3 Nbxd5 18. N1e2 Nb4 19. Bb1 Qb6 20. a3 Nbd5 21. Ba2 Rd8
22. g4 Be6 23. g5 Ne8 24. Ne4 Ndc7 25. Bxe6 Nxe6 26. Qc3 Kg8 27. O-O-O N8c7 28.
f4 Nb5 29. Qb4 Nexd4 30. Nxd4 Rxd4 31. Rxd4 Qxd4 32. Qxe7 Qe3+ 33. Kc2 Nd4+ 34.
Kb1 Qd3+ 35. Ka1 Nc2+ 36. Ka2 Qb3+ 37. Kb1 Rb8 38. Nf6+ Kh8 39. Qe5 Nxa3+ 40.
Ka1 Nc2+ 41. Kb1 Na3+ 42. Ka1 0-1

[Event "4NCL9495 2nd Season"]
[Site "Various Venues"]
[Date "1995.03.19"]
[Round "10.7"]
[White "James, Geoffrey H"]
[Black "Mack, Andrew"]
[Result "0-1"]
[WhiteElo "2210"]
[BlackElo "2240"]
[PlyCount "66"]
[EventDate "1994.10.01"]
[EventType "team-tourn"]
[EventRounds "11"]
[EventCountry "GBR"]
[SourceTitle "BritBase 13May2020"]
[SourceDate "2020.05.13"]
[SourceVersionDate "2020.05.13"]
[WhiteTeam "Wood Green"]
[BlackTeam "Invicta Knights"]
[WhiteTeamCountry "ENG"]
[BlackTeamCountry "ENG"]

1. e4 e6 2. Nc3 d5 3. Nf3 Nf6 4. e5 Nfd7 5. d4 c5 6. dxc5 Nc6 7. Bf4 Bxc5 8.
Bd3 f6 9. exf6 Nxf6 10. O-O O-O 11. Ne5 Nxe5 12. Bxe5 Bd7 13. Qe2 Qb6 14. Rae1
Rf7 15. Kh1 Raf8 16. f4 Bc6 17. f5 Nd7 18. Rf3 exf5 19. Rh3 Nxe5 20. Qxe5 Re7
21. Qg3 Bf2 22. Rxe7 Bxg3 23. Rxg3 g6 24. h4 Qd8 25. Re6 Qxh4+ 26. Rh3 Qg5 27.
Ne2 Re8 28. Rxe8+ Bxe8 29. Rf3 Qh4+ 30. Kg1 a6 31. g3 Qb4 32. Nc3 Qxb2 33. Nxd5
Qd4+ {Source: G H James (via Brian Denman). Played at Birmingham.} 0-1

[Event "4NCL9495 2nd Season"]
[Site "Various Venues"]
[Date "1995.03.19"]
[Round "10.8"]
[White "Howell, Susan"]
[Black "Jackson, Sheila"]
[Result "0-1"]
[WhiteElo "1775"]
[BlackElo "2180"]
[PlyCount "82"]
[EventDate "1994.10.01"]
[EventType "team-tourn"]
[EventRounds "11"]
[EventCountry "GBR"]
[SourceTitle "BritBase 13May2020"]
[SourceDate "2020.05.13"]
[SourceVersionDate "2020.05.13"]
[WhiteTeam "Invicta Knights"]
[BlackTeam "Wood Green"]
[WhiteTeamCountry "ENG"]
[BlackTeamCountry "ENG"]

1. d4 Nf6 2. c4 e6 3. Nc3 Bb4 4. Qc2 c5 5. e3 Nc6 6. Nf3 O-O 7. Bd2 b6 8. Be2
Bb7 9. O-O cxd4 10. exd4 d5 11. a3 Be7 12. Be3 Rc8 13. b3 dxc4 14. Bxc4 Na5 15.
Ne5 Nd5 16. Bxd5 exd5 17. b4 Nc4 18. Nxc4 Rxc4 19. Qd2 Qd7 20. h3 Rfc8 21. Rac1
a5 22. Na2 Qa4 23. Rxc4 Rxc4 24. Rc1 Qxa3 25. bxa5 Qxa5 26. Qxa5 Rxc1+ 27. Bxc1
bxa5 28. Kf1 Ba6+ 29. Ke1 Bc4 30. Nc3 Bb4 31. Bd2 Kf8 32. g3 Ke7 33. h4 Kd6 34.
Kd1 Bb3+ 35. Kc1 Ba3+ 36. Kb1 Kc6 37. Na2 Kb5 38. Nc3+ Kc4 39. Ne2 Kd3 40. Nc1+
Kxd2 41. Nxb3+ Ke2 0-1

[Event "4NCL9495 2nd Season"]
[Site "Various Venues"]
[Date "1995.03.19"]
[Round "10.1"]
[White "Webster, Andrew"]
[Black "Ansell, Simon"]
[Result "1-0"]
[WhiteElo "2410"]
[BlackElo "2320"]
[PlyCount "73"]
[EventDate "1994.10.01"]
[EventType "team-tourn"]
[EventRounds "11"]
[EventCountry "GBR"]
[SourceTitle "BritBase 14May2020"]
[SourceDate "2020.05.14"]
[SourceVersionDate "2020.05.14"]
[WhiteTeam "Midland Monarchs"]
[BlackTeam "Witney"]
[WhiteTeamCountry "ENG"]
[BlackTeamCountry "ENG"]

1. c4 Nf6 2. g3 c5 3. Bg2 e6 4. Nf3 Nc6 5. O-O Be7 6. Nc3 O-O 7. d4 cxd4 8.
Nxd4 Nxd4 9. Qxd4 d6 10. Rd1 a6 11. Bg5 Qc7 12. Ne4 e5 13. Qd3 Nxe4 14. Bxe7
Qxe7 15. Bxe4 f5 16. Bg2 Rd8 17. c5 Be6 18. cxd6 Qd7 19. e4 f4 20. Qc3 Rf8 21.
Qxe5 f3 22. Bf1 Rae8 23. Qh5 Bg4 24. Qd5+ Be6 25. Qd4 Bh3 26. Bc4+ Kh8 27. Rac1
Rf4 28. Bd3 Bg2 29. Rc7 Qg4 30. Rxg7 Qxg7 31. Qxg7+ Kxg7 32. gxf4 Bh3 33. e5
Kh6 34. Bc4 b5 35. Bf7 Rc8 36. Bd5 Bg4 37. h3 1-0

[Event "4NCL9495 2nd Season"]
[Site "Various Venues"]
[Date "1995.03.19"]
[Round "10.2"]
[White "Cobb, James"]
[Black "Ledger, Andrew"]
[Result "0-1"]
[WhiteElo "2265"]
[BlackElo "2410"]
[PlyCount "68"]
[EventDate "1994.10.01"]
[EventType "team-tourn"]
[EventRounds "11"]
[EventCountry "GBR"]
[SourceTitle "BritBase 13May2020"]
[SourceDate "2020.05.13"]
[SourceVersionDate "2020.05.13"]
[WhiteTeam "Witney"]
[BlackTeam "Midland Monarchs"]
[WhiteTeamCountry "ENG"]
[BlackTeamCountry "ENG"]

1. e4 c6 2. d4 d5 3. f3 e6 4. Nc3 Bb4 5. Qd3 b6 6. Nge2 Ba6 7. Qe3 Ne7 8. Bd2
O-O 9. O-O-O c5 10. exd5 exd5 11. Ng3 Bxf1 12. Rhxf1 Nbc6 13. Nce2 Bxd2+ 14.
Qxd2 c4 15. Qg5 h6 16. Qh4 b5 17. Nh5 b4 18. Qg4 g6 19. Nhf4 Qd6 20. h4 Nf5 21.
h5 Ne3 22. Qg3 Nxf1 23. Rxf1 g5 24. Rd1 Rae8 25. Nh3 Qxg3 26. Nxg3 f5 27. Ng1
f4 28. N3e2 Re3 29. c3 Rfe8 30. Rd2 bxc3 31. bxc3 Ne7 32. Kc2 Nf5 33. Kb2 R3e6
34. Kc2 Ne3+ 0-1

[Event "4NCL9495 2nd Season"]
[Site "Various Venues"]
[Date "1995.03.19"]
[Round "10.3"]
[White "Ferguson, Mark"]
[Black "Brooks, Phil J"]
[Result "1-0"]
[WhiteElo "2370"]
[BlackElo "2240"]
[PlyCount "97"]
[EventDate "1994.10.01"]
[EventType "team-tourn"]
[EventRounds "11"]
[EventCountry "GBR"]
[SourceTitle "BritBase 14May2020"]
[SourceDate "2020.05.14"]
[SourceVersionDate "2020.05.14"]
[WhiteTeam "Midland Monarchs"]
[BlackTeam "Witney"]
[WhiteTeamCountry "ENG"]
[BlackTeamCountry "ENG"]

1. e4 c5 2. Nf3 e6 3. d4 cxd4 4. Nxd4 Nc6 5. Nb5 d6 6. c4 Nf6 7. N1c3 a6 8. Na3
Be7 9. Be2 O-O 10. O-O b6 11. Be3 Ne5 12. f4 Ned7 13. Bf3 Bb7 14. Qe2 Qc7 15.
Rac1 Rfd8 16. Rfd1 Rab8 17. Nd5 exd5 18. cxd5 Nc5 19. b4 Bf8 20. bxc5 bxc5 21.
Nc4 Re8 22. Qc2 Nd7 23. Bd2 Ba8 24. Bc3 f6 25. Bg4 Be7 26. Qa4 Nb6 27. Qxa6
Nxc4 28. Qxc4 Bb7 29. Be6+ Kh8 30. Rb1 Ra8 31. Qe2 Bc8 32. f5 Bxe6 33. fxe6 Ra3
34. Rd3 Ra7 35. Rh3 g6 36. Rf1 Rf8 37. Qg4 Kg8 38. Qh4 Bd8 39. Bxf6 Bxf6 40.
Rxf6 Rxf6 41. Qxf6 Qg7 42. Rf3 Qxf6 43. Rxf6 c4 44. Rf2 c3 45. e5 Rb7 46. h3
Rb1+ 47. Kh2 Rb2 48. e7 Rxf2 49. e8=Q+ 1-0

[Event "4NCL9495 2nd Season"]
[Site "Various Venues"]
[Date "1995.03.19"]
[Round "10.4"]
[White "Cobb, Charles"]
[Black "Buckley, Graeme"]
[Result "0-1"]
[WhiteElo "2170"]
[BlackElo "2310"]
[PlyCount "70"]
[EventDate "1994.10.01"]
[EventType "team-tourn"]
[EventRounds "11"]
[EventCountry "GBR"]
[SourceTitle "BritBase 14May2020"]
[SourceDate "2020.05.14"]
[SourceVersionDate "2020.05.14"]
[WhiteTeam "Witney"]
[BlackTeam "Midland Monarchs"]
[WhiteTeamCountry "ENG"]
[BlackTeamCountry "ENG"]

1. e4 g6 2. d4 Bg7 3. Nc3 d6 4. Be3 c6 5. Qd2 b5 6. Bd3 a6 7. Nf3 Bg4 8. O-O
Nd7 9. a4 Bxf3 10. gxf3 c5 11. dxc5 b4 12. Nd1 dxc5 13. Qe2 Qc8 14. f4 e6 15.
Rb1 Ne7 16. b3 Nc6 17. Nb2 Bxb2 18. Rxb2 Nd4 19. Bxd4 cxd4 20. Bc4 O-O 21. Rd1
e5 22. Qg4 Qc7 23. f5 Nf6 24. Qh4 Nh5 25. Rd3 Nf4 26. Rg3 Qc6 27. Bd5 Qd6 28.
Bxa8 Rxa8 29. Qh6 Rc8 30. Rg4 d3 31. Rxf4 d2 32. Rh4 d1=Q+ 33. Kg2 Qf6 34.
Qxh7+ Kf8 35. Qh6+ Ke7 0-1

[Event "4NCL9495 2nd Season"]
[Site "Various Venues"]
[Date "1995.03.19"]
[Round "10.5"]
[White "Hunt, Harriet V"]
[Black "Haydon, Richard"]
[Result "0-1"]
[WhiteElo "2265"]
[BlackElo "2190"]
[PlyCount "72"]
[EventDate "1994.10.01"]
[EventType "team-tourn"]
[EventRounds "11"]
[EventCountry "GBR"]
[SourceTitle "BritBase 13May2020"]
[SourceDate "2020.05.13"]
[SourceVersionDate "2020.05.13"]
[WhiteTeam "Midland Monarchs"]
[BlackTeam "Witney"]
[WhiteTeamCountry "ENG"]
[BlackTeamCountry "ENG"]

1. e4 g6 2. d4 Bg7 3. Nc3 d6 4. Nf3 Nf6 5. Be2 O-O 6. O-O c6 7. a4 Qc7 8. Re1
e5 9. h3 a5 10. Be3 exd4 11. Bxd4 Nbd7 12. Bc4 Ne5 13. Nxe5 dxe5 14. Be3 Re8
15. Qe2 Nh5 16. Rad1 Nf4 17. Qf3 Be6 18. Bf1 Bc8 19. Rd2 Ne6 20. Red1 Nd4 21.
Qg3 Qe7 22. b3 h5 23. Bc4 Be6 24. Bxe6 Qxe6 25. Ne2 Nxe2+ 26. Rxe2 b5 27. Red2
Bf8 28. axb5 cxb5 29. Rd5 Qc6 30. Qf3 a4 31. bxa4 bxa4 32. Qe2 Rec8 33. Rxe5 a3
34. Rb5 Qxe4 35. Qe1 Bg7 36. Rb4 Rc4 0-1

[Event "4NCL9495 2nd Season"]
[Site "Various Venues"]
[Date "1995.03.19"]
[Round "10.6"]
[White "Headlong, Timothy"]
[Black "Cooper, Lawrence"]
[Result "1/2-1/2"]
[WhiteElo "2195"]
[BlackElo "2305"]
[PlyCount "68"]
[EventDate "1994.10.01"]
[EventType "team-tourn"]
[EventRounds "11"]
[EventCountry "GBR"]
[SourceTitle "BritBase 11May2020"]
[SourceDate "2020.05.11"]
[SourceVersionDate "2020.05.11"]
[WhiteTeam "Witney"]
[BlackTeam "Midland Monarchs"]
[WhiteTeamCountry "ENG"]
[BlackTeamCountry "ENG"]

1. c4 b6 2. d4 e6 3. a3 Nf6 4. Nc3 d5 5. cxd5 Nxd5 6. e4 Nxc3 7. bxc3 Bb7 8.
Bb5+ c6 9. Bd3 Be7 10. Nf3 O-O 11. O-O c5 12. Qe2 Nd7 13. Bf4 Rc8 14. a4 cxd4
15. cxd4 Nf6 16. h3 Rc3 17. Bd2 Rxd3 18. Qxd3 Bxe4 19. Qe2 Bxf3 20. Qxf3 Nd5
21. Qb3 Bf6 22. Be3 a5 23. Rac1 h5 24. Rc4 Qd7 25. Rfc1 Rd8 26. Rc6 g6 27. Qc4
Kg7 28. Rc8 Rxc8 29. Qxc8 Qxa4 30. Qb8 Qa3 31. Rc8 Nxe3 32. Rh8 Qc1+ 33. Kh2
Nf1+ 34. Kg1 Nd2+ {Source: scoresheet} 1/2-1/2

[Event "4NCL9495 2nd Season"]
[Site "Various Venues"]
[Date "1995.03.19"]
[Round "10.7"]
[White "Dishman, Stephen"]
[Black "Truran, Michael C"]
[Result "1/2-1/2"]
[WhiteElo "2290"]
[BlackElo "2220"]
[PlyCount "42"]
[EventDate "1994.10.01"]
[EventType "team-tourn"]
[EventRounds "11"]
[EventCountry "GBR"]
[SourceTitle "BritBase 11May2020"]
[SourceDate "2020.05.11"]
[SourceVersionDate "2020.05.11"]
[WhiteTeam "Midland Monarchs"]
[BlackTeam "Witney"]
[WhiteTeamCountry "ENG"]
[BlackTeamCountry "ENG"]

1. d4 f5 2. Nc3 d5 3. Bf4 Nf6 4. e3 e6 5. Nb5 Na6 6. c4 c6 7. Nc3 Nb8 8. Nf3
Be7 9. Bd3 O-O 10. O-O Ne4 11. Ne5 Nd7 12. f3 Nxc3 13. bxc3 Nxe5 14. Bxe5 Bd6
15. f4 b6 16. cxd5 exd5 17. Qh5 Be6 18. Rf3 g6 19. Qh6 Rf7 20. Rh3 Bxe5 21.
fxe5 Qf8 1/2-1/2

[Event "4NCL9495 2nd Season"]
[Site "Various Venues"]
[Date "1995.03.19"]
[Round "10.1"]
[White "James, David J"]
[Black "Littlewood, John Eric"]
[Result "1/2-1/2"]
[WhiteElo "2270"]
[BlackElo "2310"]
[PlyCount "71"]
[EventDate "1994.10.01"]
[EventType "team-tourn"]
[EventRounds "11"]
[EventCountry "GBR"]
[SourceTitle "BritBase 13May2020"]
[SourceDate "2020.05.13"]
[SourceVersionDate "2020.05.13"]
[WhiteTeam "South Wales Dragons"]
[BlackTeam "North West Eagles"]
[WhiteTeamCountry "WLS"]
[BlackTeamCountry "ENG"]

1. d4 Nf6 2. c4 g6 3. Nc3 Bg7 4. e4 O-O 5. Be3 d6 6. f3 Nbd7 7. Qd2 c5 8. d5
Ne5 9. Bg5 a6 10. f4 Ned7 11. Nf3 b5 12. cxb5 Qa5 13. bxa6 Bxa6 14. Bxa6 Qxa6
15. Qe2 Rfb8 16. Rb1 h6 17. Bxf6 Bxf6 18. Qxa6 Rxa6 19. Kd2 g5 20. g3 g4 21.
Nh4 Rb4 22. Rhe1 h5 23. Nf5 Kf8 24. b3 e6 25. dxe6 fxe6 26. Ne3 Bxc3+ 27. Kxc3
Rxe4 28. Nc4 Nf6 29. a4 Nd5+ 30. Kb2 Rxe1 31. Rxe1 Kf7 32. Re2 Ne7 33. Ka3 Nd5
34. a5 Kf6 35. Rd2 Nc3 36. Rd3 1/2-1/2

[Event "4NCL9495 2nd Season"]
[Site "Various Venues"]
[Date "1995.03.19"]
[Round "10.2"]
[White "Tebb, David"]
[Black "Zeidler, Sven"]
[Result "0-1"]
[WhiteElo "2305"]
[BlackElo "2215"]
[PlyCount "76"]
[EventDate "1994.10.01"]
[EventType "team-tourn"]
[EventRounds "11"]
[EventCountry "GBR"]
[SourceTitle "BritBase"]
[SourceDate "2020.05.17"]
[SourceVersion "1"]
[SourceVersionDate "2020.05.17"]
[SourceQuality "1"]
[WhiteTeam "North West Eagles"]
[BlackTeam "South Wales Dragons"]
[WhiteTeamCountry "ENG"]
[BlackTeamCountry "WLS"]

1. e4 d5 2. exd5 Qxd5 3. Nc3 Qa5 4. d4 Nf6 5. Nf3 Bg4 6. h3 Bh5 7. g4 Bg6 8.
Ne5 e6 9. Nc4 Qa6 10. Bf4 Qc6 11. Nd6+ Bxd6 12. Bb5 Bxf4 13. Qf3 Bd6 14. g5 Be4
15. Qe3 Bxh1 16. gxf6 gxf6 17. f3 Bg2 18. O-O-O Ke7 19. Bxc6 Nxc6 20. d5 Ne5
21. dxe6 fxe6 22. Ne4 Bxf3 23. Rf1 Bxe4 24. Qxe4 b6 25. Rg1 Kf7 26. h4 f5 27.
Qe2 Ng4 28. Re1 Rhe8 29. Qb5 a5 30. c3 Rad8 31. Kc2 Nf6 32. a4 Bg3 33. Rh1 Ne4
34. h5 Rd2+ 35. Kb1 Red8 36. h6 Rg2 37. Ka1 Rdd2 38. Rb1 Nxc3 0-1

[Event "4NCL9495 2nd Season"]
[Site "Various Venues"]
[Date "1995.03.19"]
[Round "10.3"]
[White "Morris, Charles F"]
[Black "House, Glenn L"]
[Result "1-0"]
[WhiteElo "2195"]
[BlackElo "2240"]
[PlyCount "53"]
[EventDate "1994.10.01"]
[EventType "team-tourn"]
[EventRounds "11"]
[EventCountry "GBR"]
[SourceTitle "BritBase"]
[SourceDate "2020.05.17"]
[SourceVersion "1"]
[SourceVersionDate "2020.05.17"]
[SourceQuality "1"]
[WhiteTeam "South Wales Dragons"]
[BlackTeam "North West Eagles"]
[WhiteTeamCountry "WLS"]
[BlackTeamCountry "ENG"]

1. c4 e6 2. Nf3 Nf6 3. g3 b6 4. Bg2 Bb7 5. O-O Be7 6. d3 O-O 7. e4 d6 8. Nc3 c5
9. Ne1 Nc6 10. f4 Nd7 11. Nc2 a6 12. Bd2 Qc7 13. g4 Rfe8 14. Rf3 Bf8 15. Rh3 g6
16. Qe1 Bg7 17. Qh4 Nf8 18. g5 Nd4 19. Ne3 b5 20. Rf1 b4 21. Ncd1 Qd8 22. Ng4
d5 23. cxd5 exd5 24. f5 dxe4 25. f6 Nf5 26. Rxf5 gxf5 27. Nh6+ 1-0

[Event "4NCL9495 2nd Season"]
[Site "Various Venues"]
[Date "1995.03.19"]
[Round "10.4"]
[White "Quillan, Gary"]
[Black "Smith, Jeff R"]
[Result "1-0"]
[WhiteElo "2305"]
[BlackElo "2205"]
[PlyCount "91"]
[EventDate "1994.10.01"]
[EventType "team-tourn"]
[EventRounds "11"]
[EventCountry "GBR"]
[SourceTitle "BritBase"]
[SourceDate "2020.05.17"]
[SourceVersion "1"]
[SourceVersionDate "2020.05.17"]
[SourceQuality "1"]
[WhiteTeam "North West Eagles"]
[BlackTeam "South Wales Dragons"]
[WhiteTeamCountry "ENG"]
[BlackTeamCountry "WLS"]

1. e4 e6 2. d4 d5 3. e5 c5 4. dxc5 Nd7 5. Nf3 Bxc5 6. Bd3 Ne7 7. Bf4 Nc6 8. O-O
f6 9. exf6 Nxf6 10. Nbd2 O-O 11. Bg3 Qe8 12. Nb3 Be7 13. c3 Qh5 14. Qe2 Bd7 15.
Rae1 Rfe8 16. Qd2 Bf8 17. Nbd4 Rad8 18. Nxc6 Bxc6 19. Re5 Qg4 20. Nd4 Ne4 21.
Bxe4 dxe4 22. Rg5 e3 23. Qxe3 Qe4 24. Qxe4 Bxe4 25. Re1 Bf5 26. Be5 h6 27. Rg3
g5 28. Rge3 Bc5 29. h3 Kf7 30. Rf3 Bxd4 31. Bxd4 Kg8 32. g4 Bg6 33. Rf6 Kh7 34.
Rfxe6 a6 35. Re7+ Kg8 36. Rg7+ Kf8 37. Rxe8+ Bxe8 38. Rxb7 Bb5 39. Rb6 Re8 40.
Rf6+ Kg8 41. Be3 Rd8 42. Bd4 Re8 43. Rg6+ Kf8 44. Rf6+ Kg8 {(Threefold
repetition not claimed)} 45. Rxh6 Re2 46. b4 1-0